000 00273pam a2200133 a 4500
020 _c
041 _h
100 _aFrank Kreith
245 _aHandbook of Solid Waste Management
260 _c1994
300 _a15.20
653 _aEnvironment Management
930 _a897
999 _c246750
_d246750